LEADER 01124nam a2200265 i 4500 001 000000134023 003 CaOOAMICUS 005 20050121000000.0 008 050121s1992 it u000 u ita u 013 $a107095 020 $a88-04-33909-8 040 $aSeMil$bita 100 1 $aZavoli, Sergio,$d<1923-2020>.$0(OLS)http://semarc/name/19090 245 13$aLa notte della Repubblica /$cSergio Zavoli. 260 $aMilano :$bArnoldo Mondadori Editore,$ccopyr. 1992. 300 $a531 p. ;$c23 cm. 500 $aContiene : Bibliografia. - In preliminari : Dedica Autografa dell'Autore al Card. C.M. Martini. - Fondo Card. C.M. Martini. 650 4$aTerrorismo - Italia - 1969-1989.$0(OLS)http://semarc/subject/25051 850 $aSeMil 852 $aSeMil$W1$xVenegono$y1$m3U V 263$j87803$B87803$CSeMilBibl$Z2$F91849 $81 941 1 $a4 961 $aLascito: Martini Card. Carlo Maria 996 $6020$a88-04-33909-8$9(OLS)http://semarc/number/121186 996 $6245$aLa notte della Repubblica$9(OLS)http://semarc/title/196098 996 $6260$aMilano :$bArnoldo Mondadori Editore$9(OLS)http://semarc/publisher/30056 LEADER 01299nam a2200289 4500 001 000000364881 003 CaOOAMICUS 005 20251104113815.0 008 251027s1999 it 000 u ita r 020 $a88-15-07284-5 040 $aSeMil$bita 100 1 $aMaravall, José Antonio,$d<1911-1986>.$0(OLS)http://semarc/name/40468 240 13$aLa cultura del Barroco. Análisis de una estructura histórica.$0(OLS)http://semarc/title/456402 245 13$aLa cultura del Barocco :$banalisi di una struttura storica /$cJosé Antonio Maravall. 264 1$aBologna :$bIl Mulino,$cstampa 1999. 300 $aXVIII, 432 p. :$c22 cm 490 1 $aBiblioteca 650 4$aCultura - Storia - Sec. 17.-18.$0(OLS)http://semarc/subject/58842 650 4$aBarocco.$0(OLS)http://semarc/subject/2740 830 0$aBiblioteca.$0(OLS)http://semarc/title/7577 850 $aSeMil 852 $aSeMil$W1$xVenegono$y1$m3U II 668$j264231$B255736$CSeMilBibl$Z2$F255736 $81 961 $aBuzzi mons. Franco - Omaggio 996 $6020$a88-15-07284-5$9(OLS)http://semarc/number/304439 996 $6245$aLa cultura del Barocco :$banalisi di una struttura storica$9(OLS)http://semarc/title/456377 996 $6264$aBologna :$bIl Mulino$9(OLS)http://semarc/publisher/29842